000
00378nam a22001577a 4500
003
MPLRDC
005
20220104151936.0
008
210129b ||||| |||| 00| 0 eng d
082
_a
803.188 ZHM
100
_a
赵泽明编著
245
_a
实用日语会话
_c
260
_a
_b
日语研究社
_c
300
_b
平
650
_a
日语会话读本
942
_c
BK
_o
803.188 ZHM
999
_c
52629
_d
52619